| 000 | 00443 a2200157 4500 | ||
|---|---|---|---|
| 005 | 20250319074914.0 | ||
| 020 | _a978-0-415-66280-2 | ||
| 082 | _a510.246 BIR | ||
| 100 | _aBIRD, J. | ||
| 245 | _aEngineering Mathematics. | ||
| 250 | _a7th Ed. | ||
| 260 |
_aNew York, _bRoutledge, _c2014. |
||
| 300 |
_axii,691p.:Ill.;figures,tables. _bIndex. _c27cm. |
||
| 856 |
_yAccess Online book _fEngineering _dwww.routledge.com/cw/bird |
||
| 942 |
_2ddc _cBKS |
||
| 999 |
_c917 _d917 |
||